000 00777nam a22001937a 4500
003 OSt
005 20251104084018.0
008 251030b |||||||| |||| 00| 0 eng d
040 _c0
082 _aDPer 371.91 J826 July-October 2022 v. 27 n. 3-4
100 _aAldalur, Aileen.
_eauthor.
_969057
245 _aDevelopment of the multidimensional inventory of deaf acculturative stress /
_cAileen Aldalur and Lawrence H. Pick.
260 _aUSA ;
_bOxford University Press ,
_cOctober 2022.
300 _aVolume 27, pages 408-422 :
_billustration ;
_c28 cm.
500 _aJournal of Deaf Studies and Deaf Education, vol. 37, no. 4, pages 408-422 , October 2022.
700 _aAldalur, Aileen.
_eauthor.
_969057
710 _aPick, Lawrence H.
_eauthor.
_969058
942 _2ddc
_cPER
999 _c24112
_d24112